[Event "XXII. DBMM Schach"]
[Site "Dresden"]
[Date "2024.01.18"]
[Round "1.4"]
[Board "4"]
[White "Feldhoff, Markus"]
[Black "Barnes, David"]
[Result "1-0"]
[WhiteElo "1874"]
[BlackElo "1377"]
[Annotator "br"]
[PlyCount "103"]
[GameId "489223816404"]
[EventDate "2024.01.18"]
[EventType "team-swiss"]
[EventRounds "7"]
[EventCountry "GER"]
[Tiebreak "Buchholz"]
[SourceTitle "XXII. DBMM Schach"]
[Source "FV Schach e.V."]
[SourceDate "2024.01.21"]
[SourceVersion "1"]
[SourceVersionDate "2024.01.21"]
[SourceQuality "1"]
[WhiteTeam "Siemens Energy Duisburg"]
[BlackTeam "Berliner Volksbank"]
[WhiteTeamCountry "GER"]
[BlackTeamCountry "GER"]

1. Nf3 d6 2. e4 Nf6 3. d3 Bg4 4. Bg5 Nbd7 5. Be2 e5 6. Nbd2 Be7 7. c3 c6 8. Qc2 Qc7 9. O-O O-O 10. Rfe1 Rfe8 11. a4 a5 12. Nc4 d5 13. Ne3 dxe4 14. dxe4 Be6 15. Bh4 Nc5 16. Nd2 Rad8 17. Bg3 Bd6 18. Nec4 Re7 19. Bh4 Ree8 20. Bxf6 gxf6 21. Ne3 Qb6 22. Bc4 Bf8 23. b3 Bh6 24. Bxe6 fxe6 25. Nec4 Qc7 26. Nf3 Re7 27. Ncd2 Red7 28. Re2 Kh8 29. b4 Nd3 30. bxa5 Nf4 31. Ree1 Nxg2 32. Kxg2 Bxd2 33. Red1 Bxc3 34. Rxd7 Rg8+ 35. Kh1 Qxd7 36. Qxc3 Rd8 37. Rb1 Rb8 38. Nxe5 Qe8 39. Ng4 Qg6 40. Qxf6+ Qxf6 41. Nxf6 Ra8 42. Rxb7 Rxa5 43. Rb4 Kg7 44. Ng4 Rc5 45. Kg2 h5 46. Ne3 Kf6 47. Nc4 Kg5 48. Kf3 Kf6 49. a5 Rg5 50. a6 Rg1 51. Ra4 Rg8 52. a7 1-0

[Event "XXII. DBMM Schach"]
[Site "Dresden"]
[Date "2024.01.18"]
[Round "1.1"]
[Board "1"]
[White "Walther, Hans Wolfgang"]
[Black "Scholz, Philipp"]
[Result "1-0"]
[WhiteElo "2085"]
[BlackElo "1969"]
[Annotator "fb"]
[PlyCount "65"]
[GameId "489223816405"]
[EventDate "2024.01.18"]
[EventType "team-swiss"]
[EventRounds "7"]
[EventCountry "GER"]
[Tiebreak "Buchholz"]
[SourceTitle "XXII. DBMM Schach"]
[Source "FV Schach e.V."]
[SourceDate "2024.01.21"]
[SourceVersion "1"]
[SourceVersionDate "2024.01.21"]
[SourceQuality "1"]
[WhiteTeam "Deutsche Bahn/BSW Berlin"]
[BlackTeam "BSG Commerzbank Frankfurt II"]
[WhiteTeamCountry "GER"]
[BlackTeamCountry "GER"]

1. d4 Nf6 2. Nf3 e6 3. c4 d5 4. Nc3 Bb4 5. Bg5 a6 6. e3 O-O 7. cxd5 exd5 8. Bd3 c6 9. O-O Bg4 10. Qb3 Qd6 11. Ne5 Nbd7 12. f4 c5 13. Nxg4 c4 14. Nxf6+ gxf6 15. Bxh7+ Kg7 16. Qd1 fxg5 17. Bf5 Bxc3 18. bxc3 Rh8 19. Qg4 Qe7 20. Qxg5+ Qxg5 21. fxg5 Nb6 22. Bc2 Rae8 23. Rab1 Re6 24. Rf6 Rhe8 25. Rxb6 Rxe3 26. Rxb7 Rxc3 27. Rbxf7+ Kg8 28. Bh7+ Kh8 29. h4 Rce3 30. h5 c3 31. h6 a5 32. Bc2 Re2 33. Rh7+ 1-0

[Event "XXII. DBMM Schach"]
[Site "Dresden"]
[Date "2024.01.18"]
[Round "1.2"]
[Board "2"]
[White "Brauer, Frank"]
[Black "Fleuch, Hans Juergen"]
[Result "0-1"]
[WhiteElo "1776"]
[BlackElo "1939"]
[Annotator "fb"]
[PlyCount "60"]
[GameId "489223816406"]
[EventDate "2024.01.18"]
[EventType "team-swiss"]
[EventRounds "7"]
[EventCountry "GER"]
[Tiebreak "Buchholz"]
[SourceTitle "XXII. DBMM Schach"]
[Source "FV Schach e.V."]
[SourceDate "2024.01.21"]
[SourceVersion "1"]
[SourceVersionDate "2024.01.21"]
[SourceQuality "1"]
[WhiteTeam "BSG Commerzbank Frankfurt II"]
[BlackTeam "Deutsche Bahn/BSW Berlin"]
[WhiteTeamCountry "GER"]
[BlackTeamCountry "GER"]

1. e4 d6 2. d4 g6 3. f4 c6 4. Nf3 d5 5. Nc3 Bg4 6. Be2 Bg7 7. Ne5 Bxe2 8. Qxe2 dxe4 9. Qxe4 Nf6 10. Qd3 Na6 11. Nxc6 Qb6 12. Ne5 Nb4 13. Qd1 Qxd4 14. Nd3 Nxd3+ 15. Qxd3 Qxd3 16. cxd3 Rd8 17. Ke2 O-O 18. Be3 a6 19. Rac1 b5 20. b3 Rc8 21. h3 Nh5 22. Kd2 Ng3 23. Rhe1 Rfd8 24. Bf2 b4 25. Ne4 Nxe4+ 26. Rxe4 Bc3+ 27. Ke2 e6 28. Rd1 Rd5 29. g4 Ra5 30. Kf3 Rxa2 0-1

[Event "XXII. DBMM Schach"]
[Site "Dresden"]
[Date "2024.01.18"]
[Round "1.3"]
[Board "3"]
[White "Francke, Dirk"]
[Black "Huebner, Detlef"]
[Result "1-0"]
[WhiteElo "2035"]
[BlackElo "1551"]
[Annotator "br"]
[PlyCount "63"]
[GameId "489223816407"]
[EventDate "2024.01.18"]
[EventType "team-swiss"]
[EventRounds "7"]
[EventCountry "GER"]
[Tiebreak "Buchholz"]
[SourceTitle "XXII. DBMM Schach"]
[Source "FV Schach e.V."]
[SourceDate "2024.01.21"]
[SourceVersion "1"]
[SourceVersionDate "2024.01.21"]
[SourceQuality "1"]
[WhiteTeam "Deutsche Bahn/BSW Berlin"]
[BlackTeam "BSG Commerzbank Frankfurt II"]
[WhiteTeamCountry "GER"]
[BlackTeamCountry "GER"]

1. b4 e5 2. Bb2 d6 3. e3 Nf6 4. c4 Be7 5. Qc2 O-O 6. d3 Bf5 7. Nd2 Qd7 8. Ngf3 c6 9. Rc1 Na6 10. a3 Rac8 11. Be2 b5 12. Qb3 e4 13. dxe4 Nxe4 14. cxb5 Nxd2 15. Nxd2 cxb5 16. O-O Nc7 17. Nf3 a6 18. Bd3 Qe6 19. Qd1 Bg4 20. h3 Bh5 21. Be2 Bf6 22. Bxf6 Qxf6 23. Nd4 Bxe2 24. Qxe2 Ne6 25. Nf3 Rfe8 26. Qd3 Nc7 27. Rc6 Red8 28. Rfc1 Qe7 29. Qc2 Qd7 30. Ng5 g6 31. Ne4 Nd5 32. Rxc8 1-0

[Event "XXII. DBMM Schach"]
[Site "Dresden"]
[Date "2024.01.18"]
[Round "1.4"]
[Board "4"]
[White "Knobloch, Sarah Astrid"]
[Black "Fitzke, Ulrich"]
[Result "0-1"]
[WhiteElo "1200"]
[BlackElo "1765"]
[Annotator "br"]
[PlyCount "76"]
[GameId "489223816411"]
[EventDate "2024.01.18"]
[EventType "team-swiss"]
[EventRounds "7"]
[EventCountry "GER"]
[Tiebreak "Buchholz"]
[SourceTitle "XXII. DBMM Schach"]
[Source "FV Schach e.V."]
[SourceDate "2024.01.21"]
[SourceVersion "1"]
[SourceVersionDate "2024.01.21"]
[SourceQuality "1"]
[WhiteTeam "BSG Commerzbank Frankfurt II"]
[BlackTeam "Deutsche Bahn/BSW Berlin"]
[WhiteTeamCountry "GER"]
[BlackTeamCountry "GER"]

1. d4 d5 2. Bf4 e6 3. Nf3 Bd6 4. Bg3 Nf6 5. e3 O-O 6. Bd3 b6 7. c3 c5 8. Nbd2 Qc7 9. Ne5 Ba6 10. Bc2 Nfd7 11. Qh5 g6 12. Nxg6 fxg6 13. Bxg6 Nf6 14. Qh6 Bxg3 15. hxg3 Qg7 16. Bc2 Qxh6 17. Rxh6 Kg7 18. Rh4 Nbd7 19. O-O-O e5 20. Rdh1 Rh8 21. g4 h6 22. Bf5 exd4 23. exd4 cxd4 24. g5 hxg5 25. Rxh8 Rxh8 26. Re1 dxc3 27. bxc3 Rd8 28. Nf3 g4 29. Ng5 Nc5 30. Re7+ Kg8 31. Bh7+ Nxh7 32. Nxh7 Bf1 33. Nf6+ Kf8 34. Rxa7 Bxg2 35. Nxg4 Ne4 36. Kb2 Rc8 37. Ra6 Nxc3 38. Rxb6 Na4+ 0-1

[Event "XXII. DBMM Schach"]
[Site "Dresden"]
[Date "2024.01.18"]
[Round "1.1"]
[Board "1"]
[White "Feikes, Joerg"]
[Black "Fromme, Thorben"]
[Result "0-1"]
[WhiteElo "2054"]
[BlackElo "1700"]
[Annotator "br"]
[PlyCount "66"]
[GameId "489223816412"]
[EventDate "2024.01.18"]
[EventType "team-swiss"]
[EventRounds "7"]
[EventCountry "GER"]
[Tiebreak "Buchholz"]
[SourceTitle "XXII. DBMM Schach"]
[Source "FV Schach e.V."]
[SourceDate "2024.01.21"]
[SourceVersion "1"]
[SourceVersionDate "2024.01.21"]
[SourceQuality "1"]
[WhiteTeam "BA Tempelhof Berlin II"]
[BlackTeam "DZ Bank Frankfurt II"]
[WhiteTeamCountry "GER"]
[BlackTeamCountry "GER"]

1. e4 c6 2. d4 d5 3. Nc3 dxe4 4. Nxe4 Nd7 5. Bd3 Ngf6 6. Ng5 e6 7. N1f3 h6 8. Nxe6 fxe6 9. Bg6+ Ke7 10. O-O Qc7 11. Re1 Nb6 12. Ne5 Bd7 13. b3 Be8 14. Bf4 Nbd5 15. Bg3 Qc8 16. f4 Rg8 17. f5 Bxg6 18. Nxg6+ Kf7 19. fxe6+ Ke8 20. e7 Nxe7 21. Bd6 Nfd5 22. c4 Kd7 23. Bg3 Nf6 24. Ne5+ Kd8 25. d5 cxd5 26. cxd5 Qc5+ 27. Bf2 Qb5 28. d6 Nc6 29. Nf7+ Kd7 30. Qc2 Re8 31. Bc5 Nd8 32. Qf5+ Ne6 33. a4 Qxc5+ 0-1

[Event "XXII. DBMM Schach"]
[Site "Dresden"]
[Date "2024.01.18"]
[Round "1.2"]
[Board "2"]
[White "Rasskazov, Oleg"]
[Black "Baranowsky, Peter"]
[Result "1-0"]
[WhiteElo "1200"]
[BlackElo "1883"]
[Annotator "br"]
[PlyCount "79"]
[GameId "489223816413"]
[EventDate "2024.01.18"]
[EventType "team-swiss"]
[EventRounds "7"]
[EventCountry "GER"]
[Tiebreak "Buchholz"]
[SourceTitle "XXII. DBMM Schach"]
[Source "FV Schach e.V."]
[SourceDate "2024.01.21"]
[SourceVersion "1"]
[SourceVersionDate "2024.01.21"]
[SourceQuality "1"]
[WhiteTeam "DZ Bank Frankfurt II"]
[BlackTeam "BA Tempelhof Berlin II"]
[WhiteTeamCountry "GER"]
[BlackTeamCountry "GER"]

1. c4 Nf6 2. Nc3 e5 3. d3 c6 4. Bg5 Be7 5. Nf3 Qc7 6. Rc1 h6 7. Bh4 d6 8. e3 Be6 9. Be2 O-O 10. h3 a5 11. g4 Qd7 12. g5 hxg5 13. Nxg5 d5 14. Qc2 d4 15. Na4 Ra6 16. c5 Nd5 17. e4 Nf4 18. Nb6 Qd8 19. Rg1 Bxh3 20. Bf3 Ng6 21. Nxh3 Nxh4 22. Bg4 Ng6 23. Bf5 Bxc5 24. Qxc5 Qxb6 25. Qc2 Qb4+ 26. Ke2 Rb6 27. b3 a4 28. Rb1 Ra6 29. Kf1 axb3 30. axb3 Nh4 31. Qe2 Qc3 32. Rg3 Ra1 33. Rxg7+ Kxg7 34. Qg4+ Ng6 35. Rxa1 Qxa1+ 36. Kg2 Qc1 37. Ng5 Qf4 38. Ne6+ fxe6 39. Qxg6+ Kh8 40. Qh7# 1-0

[Event "XXII. DBMM Schach"]
[Site "Dresden"]
[Date "2024.01.18"]
[Round "1.3"]
[Board "3"]
[White "Koerlin, Hans Juergen"]
[Black "Elpelt, Silvia"]
[Result "1-0"]
[WhiteElo "1855"]
[BlackElo "1483"]
[Annotator "br"]
[PlyCount "57"]
[GameId "489223816414"]
[EventDate "2024.01.18"]
[EventType "team-swiss"]
[EventRounds "7"]
[EventCountry "GER"]
[Tiebreak "Buchholz"]
[SourceTitle "XXII. DBMM Schach"]
[Source "FV Schach e.V."]
[SourceDate "2024.01.21"]
[SourceVersion "1"]
[SourceVersionDate "2024.01.21"]
[SourceQuality "1"]
[WhiteTeam "BA Tempelhof Berlin II"]
[BlackTeam "DZ Bank Frankfurt II"]
[WhiteTeamCountry "GER"]
[BlackTeamCountry "GER"]

1. e4 e5 2. Nf3 Nc6 3. Nc3 Nf6 4. d4 exd4 5. Nd5 Nxd5 6. exd5 Qe7+ 7. Be2 Nd8 8. O-O Qd6 9. Nxd4 Be7 10. Nb5 Qb6 11. Be3 Bc5 12. Bxc5 Qxc5 13. d6 Ne6 14. Re1 O-O 15. Qd2 a6 16. Nxc7 Nxc7 17. dxc7 Qxc7 18. Bf3 d6 19. Rad1 Rd8 20. Qxd6 Qxd6 21. Rxd6 Be6 22. Bxb7 Rxd6 23. Bxa8 Kf8 24. a4 Bf5 25. c4 Bc2 26. c5 Rd8 27. Bc6 Rc8 28. Bd7 Rd8 29. c6 1-0

[Event "XXII. DBMM Schach"]
[Site "Dresden"]
[Date "2024.01.18"]
[Round "1.4"]
[Board "4"]
[White "Ockert, Ralph"]
[Black "Thomas, Andreas"]
[Result "0-1"]
[WhiteElo "1200"]
[BlackElo "1835"]
[Annotator "br"]
[PlyCount "86"]
[GameId "489223816415"]
[EventDate "2024.01.18"]
[EventType "team-swiss"]
[EventRounds "7"]
[EventCountry "GER"]
[Tiebreak "Buchholz"]
[SourceTitle "XXII. DBMM Schach"]
[Source "FV Schach e.V."]
[SourceDate "2024.01.21"]
[SourceVersion "1"]
[SourceVersionDate "2024.01.21"]
[SourceQuality "1"]
[WhiteTeam "DZ Bank Frankfurt II"]
[BlackTeam "BA Tempelhof Berlin II"]
[WhiteTeamCountry "GER"]
[BlackTeamCountry "GER"]

1. e4 c5 2. Nf3 e6 3. d4 cxd4 4. Nxd4 a6 5. Nc3 Qc7 6. a3 b5 7. Qf3 Bb7 8. Bf4 e5 9. Bg3 Nf6 10. Bd3 d6 11. Nde2 Nbd7 12. Qe3 Be7 13. h3 O-O 14. f3 Rac8 15. O-O d5 16. exd5 Bc5 17. Qxc5 Qxc5+ 18. Kh1 Bxd5 19. Rac1 Qc6 20. Nxd5 Qxd5 21. Rfd1 Qe6 22. Nc3 Rfd8 23. Re1 Nh5 24. Bh2 f5 25. Be2 Nhf6 26. Bd3 g6 27. Re2 Re8 28. Rce1 Qd6 29. Rd1 Rxc3 30. Bc4+ Rxc4 31. Rxd6 a5 32. Bg1 Kf7 33. Red2 Re7 34. b3 Rc3 35. Bf2 e4 36. Bd4 Rc7 37. Bb6 Nxb6 38. Rxb6 e3 39. Re2 Nd5 40. Rd6 Nf4 41. Re1 Rxc2 42. g3 Nxh3 43. Rd3 Nf2+ 0-1

[Event "XXII. DBMM Schach"]
[Site "Dresden"]
[Date "2024.01.18"]
[Round "1.1"]
[Board "1"]
[White "Koscielski, Janusz"]
[Black "Ogrodnik, Emil"]
[Result "1-0"]
[WhiteElo "2261"]
[BlackElo "1500"]
[Annotator "br"]
[PlyCount "45"]
[GameId "489223816416"]
[EventDate "2024.01.18"]
[EventType "team-swiss"]
[EventRounds "7"]
[EventCountry "GER"]
[Tiebreak "Buchholz"]
[SourceTitle "XXII. DBMM Schach"]
[Source "FV Schach e.V."]
[SourceDate "2024.01.21"]
[SourceVersion "1"]
[SourceVersionDate "2024.01.21"]
[SourceQuality "1"]
[WhiteTeam "fachpool gGmbH Herne"]
[BlackTeam "d-fine Frankfurt III"]
[WhiteTeamCountry "GER"]
[BlackTeamCountry "GER"]

1. e4 c5 2. c3 Nc6 3. Nf3 d6 4. d4 cxd4 5. cxd4 a6 6. d5 Nb8 7. Nc3 g6 8. Be3 Bd7 9. Be2 Bg7 10. O-O Nf6 11. Qb3 b5 12. a4 O-O 13. axb5 Bc8 14. Nd4 Bb7 15. Nc6 Qd7 16. Na4 Nxc6 17. bxc6 Bxc6 18. dxc6 Qe6 19. Qxe6 fxe6 20. c7 Nd7 21. Nb6 Nxb6 22. Bxb6 Bxb2 23. Rxa6 1-0

[Event "XXII. DBMM Schach"]
[Site "Dresden"]
[Date "2024.01.18"]
[Round "1.2"]
[Board "2"]
[White "Moser, Johannes"]
[Black "Hortolani, Sven Holger"]
[Result "0-1"]
[WhiteElo "1300"]
[BlackElo "2135"]
[Annotator "br"]
[PlyCount "80"]
[GameId "489223816417"]
[EventDate "2024.01.18"]
[EventType "team-swiss"]
[EventRounds "7"]
[EventCountry "GER"]
[Tiebreak "Buchholz"]
[SourceTitle "XXII. DBMM Schach"]
[Source "FV Schach e.V."]
[SourceDate "2024.01.21"]
[SourceVersion "1"]
[SourceVersionDate "2024.01.21"]
[SourceQuality "1"]
[WhiteTeam "d-fine Frankfurt III"]
[BlackTeam "fachpool gGmbH Herne"]
[WhiteTeamCountry "GER"]
[BlackTeamCountry "GER"]

1. d4 c5 2. d5 Nf6 3. c4 e6 4. Nc3 exd5 5. Nxd5 Nxd5 6. cxd5 d6 7. e4 Be7 8. Nf3 O-O 9. h3 Nd7 10. Qc2 b5 11. Be2 Re8 12. O-O a6 13. Re1 Bf6 14. Rb1 Ne5 15. b3 Ng6 16. Bf1 Ne5 17. Nxe5 Bxe5 18. Bd2 Qf6 19. Re3 Qg6 20. Bc3 f5 21. Bxe5 Rxe5 22. Rg3 Qf7 23. Bd3 fxe4 24. Bxe4 Rxe4 25. Qxe4 Bf5 26. Qe1 Re8 27. Qc1 Bxb1 28. Qxb1 Qxd5 29. Qa1 Qe5 30. Qxe5 Rxe5 31. Kf1 d5 32. f4 Re4 33. Rf3 d4 34. Rg3 c4 35. bxc4 bxc4 36. Ra3 d3 37. Rxa6 d2 38. Ra8+ Kf7 39. Ra7+ Ke6 40. Ra6+ Kd5 0-1

[Event "XXII. DBMM Schach"]
[Site "Dresden"]
[Date "2024.01.18"]
[Round "1.3"]
[Board "3"]
[White "Leveikina, Jevgenija"]
[Black "Breitsamter, Lorenz"]
[Result "1/2-1/2"]
[WhiteElo "2064"]
[BlackElo "1500"]
[Annotator "br"]
[PlyCount "71"]
[GameId "489223816418"]
[EventDate "2024.01.18"]
[EventType "team-swiss"]
[EventRounds "7"]
[EventCountry "GER"]
[Tiebreak "Buchholz"]
[SourceTitle "XXII. DBMM Schach"]
[Source "FV Schach e.V."]
[SourceDate "2024.01.21"]
[SourceVersion "1"]
[SourceVersionDate "2024.01.21"]
[SourceQuality "1"]
[WhiteTeam "fachpool gGmbH Herne"]
[BlackTeam "d-fine Frankfurt III"]
[WhiteTeamCountry "GER"]
[BlackTeamCountry "GER"]

1. d4 Nf6 2. Nf3 g6 3. g3 Bg7 4. Bg2 O-O 5. O-O d6 6. c3 Bf5 7. Nbd2 c6 8. Re1 d5 9. Ne5 Nbd7 10. Ndf3 Ng4 11. Nd3 e5 12. dxe5 Ngxe5 13. Ndxe5 Nxe5 14. Nd4 Bg4 15. h3 Be6 16. Bf4 Qd7 17. Kh2 Rfe8 18. Qc2 Rad8 19. Rad1 f5 20. Bg5 Rc8 21. Nb3 Qc7 22. Bf4 Qf7 23. Nc5 Kh8 24. Nd3 Nxd3 25. exd3 Bd7 26. d4 Re6 27. Rxe6 Qxe6 28. Rd3 Re8 29. Re3 Qf7 30. Qe2 Re6 31. Kg1 Qe8 32. Be5 Qe7 33. Bxg7+ Kxg7 34. Rxe6 Qxe6 35. Qe5+ Qxe5 36. dxe5 1/2-1/2

[Event "XXII. DBMM Schach"]
[Site "Dresden"]
[Date "2024.01.18"]
[Round "1.4"]
[Board "4"]
[White "Biederbeck, Noah"]
[Black "Selmanaj, Agim"]
[Result "0-1"]
[WhiteElo "1000"]
[BlackElo "1643"]
[Annotator "br"]
[PlyCount "92"]
[GameId "489223816419"]
[EventDate "2024.01.18"]
[EventType "team-swiss"]
[EventRounds "7"]
[EventCountry "GER"]
[Tiebreak "Buchholz"]
[SourceTitle "XXII. DBMM Schach"]
[Source "FV Schach e.V."]
[SourceDate "2024.01.21"]
[SourceVersion "1"]
[SourceVersionDate "2024.01.21"]
[SourceQuality "1"]
[WhiteTeam "d-fine Frankfurt III"]
[BlackTeam "fachpool gGmbH Herne"]
[WhiteTeamCountry "GER"]
[BlackTeamCountry "GER"]

1. d4 g6 2. Nf3 Bg7 3. e3 a6 4. Bd3 e6 5. Nc3 d5 6. O-O Nf6 7. b3 O-O 8. Ba3 Re8 9. Ne5 Bf8 10. Bxf8 Rxf8 11. a4 Nbd7 12. Ne2 Nxe5 13. dxe5 Ne8 14. Ng3 b6 15. Be4 a5 16. c4 Ba6 17. cxd5 Bxf1 18. dxe6 Ba6 19. Bxa8 Qxd1+ 20. Rxd1 fxe6 21. Ne4 Rf7 22. Bc6 Re7 23. Bxe8 Rxe8 24. Nf6+ Kf7 25. Rd7+ Re7 26. Rxe7+ Kxe7 27. Nxh7 Bd3 28. g4 Bc2 29. Ng5 Bxb3 30. Ne4 Bxa4 31. h4 Be8 32. Nc3 a4 33. h5 a3 34. h6 Kf7 35. f4 b5 36. Na2 c5 37. Kf1 b4 38. Nc1 c4 39. Ke1 b3 40. Nxb3 cxb3 41. Kd1 Bc6 42. Kc1 Be4 43. f5 b2+ 44. Kd2 b1=Q 45. fxe6+ Kxe6 46. h7 Qb2+ 0-1

[Event "XXII. DBMM Schach"]
[Site "Dresden"]
[Date "2024.01.18"]
[Round "1.1"]
[Board "1"]
[White "Warnest, Stefan"]
[Black "Gottschalk, Jens"]
[Result "0-1"]
[WhiteElo "1569"]
[BlackElo "2213"]
[Annotator "br"]
[PlyCount "54"]
[GameId "489223816420"]
[EventDate "2024.01.18"]
[EventType "team-swiss"]
[EventRounds "7"]
[EventCountry "GER"]
[Tiebreak "Buchholz"]
[SourceTitle "XXII. DBMM Schach"]
[Source "FV Schach e.V."]
[SourceDate "2024.01.21"]
[SourceVersion "1"]
[SourceVersionDate "2024.01.21"]
[SourceQuality "1"]
[WhiteTeam "BA Tempelhof Berlin IV"]
[BlackTeam "R+V Versicherung Wiesbaden"]
[WhiteTeamCountry "GER"]
[BlackTeamCountry "GER"]

1. e4 c5 2. Nf3 Nc6 3. d4 cxd4 4. Nxd4 Nf6 5. Nc3 e6 6. Bg5 Bb4 7. Bxf6 Qxf6 8. Nde2 O-O 9. Qd3 d5 10. exd5 exd5 11. a3 Ba5 12. O-O-O Qxf2 13. Qxd5 Bg4 14. Qe4 Bh5 15. b4 Bb6 16. Kb1 Rfe8 17. Qc4 Rad8 18. Rxd8 Rxd8 19. Qf4 Qe1+ 20. Qc1 Qxc1+ 21. Kxc1 Be3+ 22. Kb1 Rd2 23. Nc1 Bg6 24. Nd3 Nd4 25. Nd5 Nxc2 26. Nxe3 Nxe3 27. Kc1 Rd1+ 0-1

[Event "XXII. DBMM Schach"]
[Site "Dresden"]
[Date "2024.01.18"]
[Round "1.2"]
[Board "2"]
[White "Launert, Martin"]
[Black "Wolf, Wilfried"]
[Result "1/2-1/2"]
[WhiteElo "1827"]
[BlackElo "1695"]
[Annotator "br"]
[PlyCount "140"]
[GameId "489223816421"]
[EventDate "2024.01.18"]
[EventType "team-swiss"]
[EventRounds "7"]
[EventCountry "GER"]
[Tiebreak "Buchholz"]
[SourceTitle "XXII. DBMM Schach"]
[Source "FV Schach e.V."]
[SourceDate "2024.01.21"]
[SourceVersion "1"]
[SourceVersionDate "2024.01.21"]
[SourceQuality "1"]
[WhiteTeam "R+V Versicherung Wiesbaden"]
[BlackTeam "BA Tempelhof Berlin IV"]
[WhiteTeamCountry "GER"]
[BlackTeamCountry "GER"]

1. e4 e5 2. Nf3 Nc6 3. Bb5 d6 4. d4 exd4 5. Bxc6+ bxc6 6. Qxd4 Nf6 7. O-O c5 8. Qd3 Be7 9. Nc3 O-O 10. Re1 Bb7 11. Nd5 Nxd5 12. exd5 Bf6 13. Bf4 Re8 14. c4 Bc8 15. Rxe8+ Qxe8 16. Re1 Qd8 17. b3 Bg4 18. h3 Bxf3 19. Qxf3 Qd7 20. Qe4 h6 21. Bd2 Bd4 22. Kf1 Bf6 23. Qf3 Be5 24. Qe4 Bf6 25. Qd3 Re8 26. Re4 Rxe4 27. Qxe4 Qe7 28. Qxe7 Bxe7 29. Ke2 f5 30. a3 a6 31. Ba5 Bd8 32. Kd3 Kf7 33. Bc3 g6 34. b4 cxb4 35. axb4 Ke7 36. Bg7 h5 37. Bh6 Kf7 38. Bd2 Bf6 39. c5 Ke7 40. Kc4 Kd7 41. c6+ Kc8 42. Kb3 Bd4 43. f3 Kb8 44. Kc4 Bb6 45. Kd3 Bf2 46. g4 hxg4 47. hxg4 Bh4 48. gxf5 gxf5 49. Bh6 Be1 50. Kc4 Bf2 51. Bg7 Kc8 52. Bf6 Be1 53. Kb3 Bd2 54. Ka4 Be1 55. Ka5 Bd2 56. Bh4 Bc3 57. Kxa6 Bxb4 58. Kb5 Bc3 59. Kc4 Be5 60. Bg5 Bg7 61. Kd3 Bb2 62. Ke2 Be5 63. Kf2 Kb8 64. Be3 Kc8 65. f4 Bf6 66. Kg3 Kd8 67. Kh3 Ke7 68. Bf2 Kf7 69. Bh4 Bxh4 70. Kxh4 Kg6 1/2-1/2

[Event "XXII. DBMM Schach"]
[Site "Dresden"]
[Date "2024.01.18"]
[Round "1.3"]
[Board "3"]
[White "Frahm, Werner"]
[Black "Nischke, Klaus Peter"]
[Result "0-1"]
[WhiteElo "1535"]
[BlackElo "1670"]
[Annotator "br"]
[PlyCount "34"]
[GameId "489223816422"]
[EventDate "2024.01.18"]
[EventType "team-swiss"]
[EventRounds "7"]
[EventCountry "GER"]
[Tiebreak "Buchholz"]
[SourceTitle "XXII. DBMM Schach"]
[Source "FV Schach e.V."]
[SourceDate "2024.01.21"]
[SourceVersion "1"]
[SourceVersionDate "2024.01.21"]
[SourceQuality "1"]
[WhiteTeam "BA Tempelhof Berlin IV"]
[BlackTeam "R+V Versicherung Wiesbaden"]
[WhiteTeamCountry "GER"]
[BlackTeamCountry "GER"]

1. Nf3 Nc6 2. d4 d5 3. Bf4 Nf6 4. e3 h6 5. Be2 Nh5 6. Ne5 Nxf4 7. Nxc6 Nxg2+ 8. Kf1 Nxe3+ 9. fxe3 Bh3+ 10. Kf2 bxc6 11. Qg1 e6 12. Qg3 Bf5 13. Rg1 Bd6 14. Qxg7 Qh4+ 15. Rg3 Qxh2+ 16. Rg2 Qh4+ 17. Rg3 O-O-O 0-1

[Event "XXII. DBMM Schach"]
[Site "Dresden"]
[Date "2024.01.18"]
[Round "1.4"]
[Board "4"]
[White "Schmidt, Joerg"]
[Black "Meseck, Michael"]
[Result "1-0"]
[WhiteElo "1762"]
[BlackElo "1487"]
[Annotator "br"]
[PlyCount "71"]
[GameId "489223816423"]
[EventDate "2024.01.18"]
[EventType "team-swiss"]
[EventRounds "7"]
[EventCountry "GER"]
[Tiebreak "Buchholz"]
[SourceTitle "XXII. DBMM Schach"]
[Source "FV Schach e.V."]
[SourceDate "2024.01.21"]
[SourceVersion "1"]
[SourceVersionDate "2024.01.21"]
[SourceQuality "1"]
[WhiteTeam "R+V Versicherung Wiesbaden"]
[BlackTeam "BA Tempelhof Berlin IV"]
[WhiteTeamCountry "GER"]
[BlackTeamCountry "GER"]

1. Nf3 d5 2. e3 Nc6 3. c4 e6 4. Nc3 Nf6 5. d4 Bb4 6. a3 Be7 7. b4 a6 8. Bd3 O-O 9. Qc2 g6 10. Bb2 Re8 11. Ne2 Bf8 12. Ng3 Bg7 13. Bc3 Rb8 14. O-O b5 15. cxb5 axb5 16. Rfc1 Bd7 17. Ra2 Re7 18. e4 dxe4 19. Nxe4 Nxe4 20. Bxe4 Be8 21. Rd1 f5 22. Bd3 Rd7 23. Qe2 Nxd4 24. Nxd4 Bxd4 25. Bxd4 Rxd4 26. Rad2 Qf6 27. Bc2 Rxd2 28. Qxd2 Bf7 29. Qd7 Qe5 30. h3 Be8 31. Qd3 c6 32. Bb3 Qf6 33. Qd6 Rb6 34. Bxe6+ Bf7 35. Bxf7+ Qxf7 36. Qd8+ 1-0

[Event "XXII. DBMM Schach"]
[Site "Dresden"]
[Date "2024.01.18"]
[Round "2.2"]
[Board "2"]
[White "Felten, Joachim"]
[Black "Kalinitschew, Sergej"]
[Result "0-1"]
[WhiteElo "2096"]
[BlackElo "2391"]
[Annotator "br"]
[PlyCount "52"]
[GameId "489223819646"]
[EventDate "2024.01.18"]
[EventType "team-swiss"]
[EventRounds "7"]
[EventCountry "GER"]
[Tiebreak "Buchholz"]
[SourceTitle "XXII. DBMM Schach"]
[Source "FV Schach e.V."]
[SourceDate "2024.01.21"]
[SourceVersion "1"]
[SourceVersionDate "2024.01.21"]
[SourceQuality "1"]
[WhiteTeam "BWVL Hamburg"]
[BlackTeam "BA Tempelhof Berlin"]
[WhiteTeamCountry "GER"]
[BlackTeamCountry "GER"]

1. e4 c5 2. Nf3 Nc6 3. d4 cxd4 4. Nxd4 g6 5. Nc3 Bg7 6. Be3 Nf6 7. Bc4 O-O 8. Bb3 a5 9. f3 d5 10. Nxd5 Nxd5 11. exd5 Nb4 12. c3 Nxd5 13. Bf2 Nf4 14. O-O e5 15. Nb5 Qg5 16. Bg3 Nh5 17. Qe1 e4 18. Nd6 Nxg3 19. Qxg3 Qxg3 20. hxg3 a4 21. Bd5 a3 22. fxe4 axb2 23. Rab1 Bxc3 24. Rf3 Bd4+ 25. Kh2 Kg7 26. Bb3 Be6 {Rest unleserlich.} 0-1